Statistics for Can you spell the longest English word?

Click here to take the quiz!

General Stats

  • This quiz has been taken 18 times
  • The average score is 20 of 45

Answer Stats

Longest Word% Correct
e
100%
n
100%
p
100%
m
86%
u
86%
n
79%
o
79%
o
79%
u
64%
l
57%
i
43%
t
43%
a
36%
a
36%
c
36%
c
36%
c
36%
c
36%
i
36%
i
36%
i
36%
i
36%
l
36%
l
36%
m
36%
n
36%
n
36%
o
36%
o
36%
o
36%
o
36%
o
36%
r
36%
r
36%
s
36%
s
36%
s
36%
v
36%
c
29%
c
29%
i
29%
o
29%
o
29%
p
29%
s
29%

Score Distribution

Percentile by Number Answered

Percent of People with Each Score

Your Score History

You have not taken this quiz